| 000 | 00700nam a2200217 a 4500 | ||
|---|---|---|---|
| 001 | 000028191 | ||
| 005 | 20240530073920.0 | ||
| 008 | 110407s2010 dr 000 f spa d | ||
| 020 | _z97899454730302 | ||
| 040 |
_aDO-SdBNP _bspa _cBNPHU |
||
| 082 |
_aRD863.44 _bD325m |
||
| 100 | 1 |
_aDeive, Carlos Esteban, _d1935-2019 _91916 |
|
| 245 | 1 | 0 |
_aMagdalena / _cCarlos Estaban Deive. |
| 260 |
_aSanto Domingo : _bSantuario, _c2010. |
||
| 300 |
_a109 p. ; _c21 cm. |
||
| 500 | _aIncluye datos biográficos del autor en la solapa de la cubierta | ||
| 590 | _aInventariado, 2020/LP | ||
| 650 | 0 |
_aNovela dominicana _9223 |
|
| 650 | 0 |
_aLiteratura dominicana. _967 |
|
| 910 | _aValidado. Control de calidad MFF | ||
| 999 |
_c27683 _d27683 |
||